An approach to urban sociology
Uloženo v:
| Hlavní autor: | |
|---|---|
| Médium: | Kniha |
| Jazyk: | angličtina |
| Vydáno: |
Londres
Routledge & Kegan Paul
1965
|
| Edice: | International Library of Sociology and Social Reconstruction
|
| Témata: | |
| Tagy: |
Přidat tag
Žádné tagy, Buďte první, kdo vytvoří štítek k tomuto záznamu!
|
MARC
| LEADER | 00000nam a2200000 a 4500 | ||
|---|---|---|---|
| 001 | UCQ0440 | ||
| 003 | CL-VaPUC | ||
| 008 | 980627e19650000UK |||||||||||||||||eng|d | ||
| 082 | 0 | 4 | |a 307.76 |b MAN |2 21 |
| 100 | |a Mann, Peter H. |e autor |9 413661 | ||
| 245 | 1 | 3 | |a An approach to urban sociology |
| 300 | |a 232 p | ||
| 942 | |c BK | ||
| 945 | |d 19980627 00:00:00 |a crobeson | ||
| 260 | |a Londres |b Routledge & Kegan Paul |c 1965 | ||
| 650 | 0 | |a Sociología urbana |9 268099 | |
| 650 | 7 | |a MEDIO URBANO |2 CL-VaPUC |9 348059 | |
| 650 | 7 | |a MEDIO RURAL |2 CL-VaPUC |9 356509 | |
| 650 | 7 | |a DESARROLLO URBANO |2 CL-VaPUC |9 413662 | |
| 650 | 0 | |a Urbanización |9 265706 | |
| 650 | 7 | |a POBLACION URBANA |2 CL-VaPUC |9 343207 | |
| 583 | |a last modification |c 19980627 00:00:00 |k Rodrigo Vera | ||
| 490 | 0 | |a International Library of Sociology and Social Reconstruction | |
| 999 | |c 271570 |d 271568 | ||
| 952 | |0 0 |1 0 |4 0 |6 307_760000000000000_MAN_1965 |7 0 |8 A |9 306260 |a FDOPOS |b FDOPOS |d 2019-11-20 |i 4316266 |o 307.76 MAN 1965 |p 4316266 |r 2025-01-22 |w 2019-11-20 |y BK |k MLA | ||